00202nam a22000737a 4500100002600000245005400026260002600080650002200106 aChandrasekara,C.M.U.M aCarbon Nano tubes and its Biomedical Applications aColombobIchemcc2016 acarbon Nano tubes